Data Structures : (Record no. 20814)
[ view plain ]
| 000 -LEADER | |
|---|---|
| fixed length control field | 00866cam a22002415a 4500 |
| 006 - FIXED-LENGTH DATA ELEMENTS--ADDITIONAL MATERIAL CHARACTERISTICS--GENERAL INFORMATION | |
| fixed length control field | m||||fq||z 00| 0 |
| 008 - FIXED-LENGTH DATA ELEMENTS--GENERAL INFORMATION | |
| fixed length control field | 150901s2014 ii a fr 001 0 eng d |
| 020 ## - INTERNATIONAL STANDARD BOOK NUMBER | |
| International Standard Book Number | 9788120350298 |
| 040 ## - CATALOGING SOURCE | |
| Original cataloging agency | EG-ScBUE |
| Language of cataloging | eng |
| Transcribing agency | EG-ScBUE |
| Modifying agency | EG-ScBUE |
| 082 04 - DEWEY DECIMAL CLASSIFICATION NUMBER | |
| Classification number | 005.133 |
| Item number | KUS |
| Edition number | 22 |
| 100 1# - MAIN ENTRY--PERSONAL NAME | |
| Personal name | Kushwaha, Dharmender Singh. |
| 9 (RLIN) | 38944 |
| 245 10 - TITLE STATEMENT | |
| Title | Data Structures : |
| Remainder of title | a programming approach with c / |
| Statement of responsibility, etc | Dharmender Singh Kushwaha, Arun Kumar Misra. |
| 250 ## - EDITION STATEMENT | |
| Materials specified | 2nd ed., Eastern economy ed. |
| 260 ## - PUBLICATION, DISTRIBUTION, ETC. (IMPRINT) | |
| Place of publication, distribution, etc | Delhi : |
| Name of publisher, distributor, etc | PHI Learning Private Limited, |
| Date of publication, distribution, etc | 2014. |
| 300 ## - PHYSICAL DESCRIPTION | |
| Extent | 716 p. : |
| Other physical details | ill. ; |
| Dimensions | 24 cm. + |
| Accompanying material | 1 CD-ROM. |
| 500 ## - GENERAL NOTE | |
| General note | Index : p. 707-716. |
| 650 #7 - SUBJECT ADDED ENTRY--TOPICAL TERM | |
| Topical term or geographic name as entry element | Data structures (Computer science) |
| Source of heading or term | BUEsh |
| 9 (RLIN) | 12448 |
| 650 #7 - SUBJECT ADDED ENTRY--TOPICAL TERM | |
| Topical term or geographic name as entry element | C (Computer program language) |
| Source of heading or term | BUEsh |
| 9 (RLIN) | 3405 |
| 651 ## - SUBJECT ADDED ENTRY--GEOGRAPHIC NAME | |
| Source of heading or term | BUEsh |
| 653 ## - INDEX TERM--UNCONTROLLED | |
| Resource For college | Informatics and Computer Science |
| Arrived date list | September2015 |
| -- | December2015 |
| 700 1# - ADDED ENTRY--PERSONAL NAME | |
| Personal name | Misra, Arun Kumar. |
| 942 ## - ADDED ENTRY ELEMENTS (KOHA) | |
| Source of classification or shelving scheme | Dewey Decimal Classification |
| Withdrawn status | Lost status | Source of classification or shelving scheme | Damaged status | Not for loan | Koha collection | Home library | Current library | Shelving location | Date acquired | Source of acquisition | Cost, normal purchase price | Serial Enumeration / chronology | Total Checkouts | Total Renewals | Full call number | Barcode | Date last seen | Date last borrowed | Cost, replacement price | Koha item type | Materials specified (bound volume or other part) |
|---|---|---|---|---|---|---|---|---|---|---|---|---|---|---|---|---|---|---|---|---|---|
| Dewey Decimal Classification | Baccah | Central Library | Central Library | Lower Floor | 01/09/2015 | Purchase | 219.00 | 21759 | 3 | 10 | 005.133 KUS | 000030869 | 15/07/2025 | 24/02/2019 | 274.00 | Book - Borrowing | |||||
| Lost | Dewey Decimal Classification | Baccah | Central Library | Central Library | Lower Floor | 01/09/2015 | Purchase | 219.00 | 21759 | 1 | 1 | 005.133 KUS | 000030868 | 07/11/2019 | 24/02/2019 | 274.00 | CD | DVD - With book | Lost In Inventory_24-8-2022 |